Človek vo veku techniky

M. Heidegger a jeho videnie problémov západnej civilizácie v dobe globálnych technológií. Ohrozenia z dominancie technického prístupu k objavovaniu sveta. Obraz sveta vytvorený médiami: televízia a internet.

Gespeichert in:
Bibliographische Detailangaben
1. Verfasser: Tomašovičová, Jana
Format: Buchkapitel
Sprache:Slowakisch
Schlagworte:
Tags: Tag hinzufügen
Keine Tags, Fügen Sie das erste Tag hinzu!

MARC

LEADER 00000naa$a2200000$$$4500
001 0026241
005 20231016110455.7
041 0 |a slo 
044 |a SK 
245 1 0 |a Človek vo veku techniky  |c Jana Tomašovičová 
520 |a M. Heidegger a jeho videnie problémov západnej civilizácie v dobe globálnych technológií. Ohrozenia z dominancie technického prístupu k objavovaniu sveta. Obraz sveta vytvorený médiami: televízia a internet. 
610 2 0 |a filozofia 
610 2 0 |a civilizácia 
610 2 0 |a globalizácia 
610 2 0 |a komunikácia masová 
610 2 0 |a prostriedky masovokomunikačné 
610 2 0 |a televízia 
610 2 0 |a internet 
610 2 0 |a vplyvy na prácu 
100 1 |a Tomašovičová, Jana